Có một Việt Nam như thế = Le VietNam, tel qu'il est

保存先:
書誌詳細
第一著者: Trần Nhâm
フォーマット: 図書
言語:Undetermined
出版事項: H. CTQG 1996
主題:
タグ: タグ追加
タグなし, このレコードへの初めてのタグを付けませんか!
Thư viện lưu trữ: Trung tâm Học liệu Trường Đại học Cần Thơ
LEADER 00558nam a2200205Ia 4500
001 CTU_47193
008 210402s9999 xx 000 0 und d
082 |a 330.9597 
082 |b Nh120 
100 |a Trần Nhâm 
245 0 |a Có một Việt Nam như thế 
245 0 |b = Le VietNam, tel qu'il est 
245 0 |c Trần Nhâm 
260 |a H. 
260 |b CTQG 
260 |c 1996 
650 |a vietnam 
650 |x economic conditions,developing countries 
904 |i Minh 
980 |a Trung tâm Học liệu Trường Đại học Cần Thơ